1685 1714 1649 1114 1671 1946 1352 1532 1871 1120 1962 1411 1555 1473 1598 1781 1419 1739 1804 1135 1076 1015 1018 1718 1137 1403 1497 1820 1188 1919 1489 1067 1194 1976 1660 1472 1192 1165 1035 1099 1721 1272 1317 1270 1384 1291 1889 1781 1165 1081 1868 1561 1041 1271 1610 1249 1874 1548 1613 1696 1006 1870 1345 1978 1406 1335 1613 1334 1623 1732 1976 1563 1502 1040 1929 1111 1723 1830 1631 1579 1866 1311 1811 1132 1250 1667 1845 1074 1340 1462 1851 1202 1555 1642 1839 1223 1135 1182 1179 BCNSPRNW ULIB Ver.6.0+V

เปลี่ยนเป็นภาษาไทย

Change to English
 แสดงรายละเอียดบรรณานุกรม
  กลับหน้าหลัก

Brief Record : Get Marc (ISO 2709) : E-mail record : QR code < ปิดหน้าต่าง
LEADER : 00000nam 2200000uu 4500
001    13399127395
003     ULIB
008    200519s2018||||th 000 0 tha d
020    ^a9781506258812
020    ^a9781506258829&^8225;c1,570 (set)
050 04 ^aPE1128^bL633B
100 1  ^aLougheed, Lin
245 10 ^aBarron s TOEIC practice exams /^cLin Lougheed
246 30 ^aTOEIC practice exams
250    ^a4th ed.
260    ^aNew York :^bBarron s,^c2018
300    ^aiii, 455 p. :^bill ;^c28 cm.
490 0  ^aBarron s the leader in test preparation
490 0  ^aTOEIC superpack
650  0 ^aTest of English for international communication^xStudy guides
650  0 ^aEnglish language^xExaminations^xStudy guides.
650  0 ^aEnglish language^xExaminations, questions, etc.
650  0 ^aEnglish language^xTextbooks for foreign speakers.
945    ^p444^l0^i007066
999    ^aประนอม เกษจรัล
รายการนี้ยังไม่มีแท็ก
คุณยังไม่ได้ล็อกอิน คุณสามารถมีกิจกรรมร่วมกับเว็บไซต์ได้ แต่ต้องล็อกอินก่อน ::
  ล็อกอิน

รายการสื่อสารสนเทศ

ลำดับที่ ประเภท เลขเรียก/บาร์โค้ด สถานที่ สถานะ
1. การศึกษาทั่วไป
หนังสือสำรอง
สถานะ=หนังสือสำรอง
PE1128 L633B ฉ.1 
  Barcode: 007066
ห้องสมุดวิทยาเขตสวรรค์ประชารักษ์
►หนังสือทั่วไป
บนชั้น

รายการใกล้เคียง
    ผู้แต่ง [Lougheed, Lin]

BibComment


ยังไม่เคยถูกคอมเมนท์

คอมเมนท์ทรัพยากรรายการนี้
  คอมเมนท์: Barron s TOEIC p..


 Copyright 2026. Bcnsprnw @Library